| 000 | 00516cam a2200205ua 4500 | ||
|---|---|---|---|
| 001 | 195 | ||
| 008 | 131004n ii |||gr||||Z||||||eng | ||
| 020 | _a81-237-0146-2 | ||
| 040 | _cMAIN | ||
| 082 | _a398.054 | ||
| 245 | 1 | 2 |
_aNational culture of India. _cBy S. Abid Husain. |
| 250 | _a1st rep. | ||
| 260 |
_aNew Delhi.: _bNational book trust., _c2005. |
||
| 300 | _ax, 181 p.:5 cm. | ||
| 653 | _aFolklore | ||
| 653 | _aIndian national culture. | ||
| 653 | _aSociology | ||
| 700 | _aHusain, S. Abid., | ||
| 942 | _cBK | ||
| 999 |
_c169 _d169 |
||